| 000 | 01184nab a22002537a 4500 | ||
|---|---|---|---|
| 999 |
_c6252 _d6252 |
||
| 003 | OSt | ||
| 005 | 20260127223253.0 | ||
| 008 | 190514b xxu||||| |||| 00| 0 spa d | ||
| 040 | _cPJ | ||
| 100 |
_96963 _aÁvila, María Gabriela |
||
| 245 | 1 | 3 |
_aEl principio de vulnerabilidad como límite al principio de autosuficiencia de los excónyuges en los alimentos posdivorcio / _cMaría Gabriela Ávila. |
| 300 | _ap. 169-179 | ||
| 500 | _aCita: TR LALEY AR/DOC/2144/2025. | ||
| 505 | _aSumario: I. Introducción.— II. El caso.— III. Reseña del fallo.— IV. Marco normativo de los alimentos posteriores al divorcio.— V. Conclusiones. | ||
| 505 | _tFallo comentado: CCiv., Com. y Minería, Cipolletti ~ 11/02/2025 ~ W. B. E. c. T. G. E. s/ alimentos cónyuge. | ||
| 650 | 0 |
_9967 _aDERECHO DE FAMILIA |
|
| 650 | 0 |
_94695 _aSITUACIÓN DE VULNERABILIDAD |
|
| 650 | 0 |
_aCÓNYUGE _95369 |
|
| 650 | 0 |
_aALIMENTOS _9968 |
|
| 650 | 0 |
_aDIVORCIO _9977 |
|
| 650 | 0 |
_91057 _aJURISPRUDENCIA APLICABLE |
|
| 773 | 0 |
_02844 _93222 _dBuenos Aires : AbeledoPerrot, 1989- _tDerecho de familia. Revista Interdisciplinaria de doctrina y jurisprudencia. Octubre 2025-V. _z18511201 |
|
| 942 |
_2udc _cANA |
||